De quel arbre cette plante est le cousin ? - Statistiques

Statistiques générales
  • Ce quiz a été pris 39 fois
  • Le résultat moyen est 8 sur 39
Statistiques - réponses
Hint Réponse % Correct
Chêne-liège Chêne vert
81%
Pin Sapin
68%
Cocotier Palmier
61%
Pêcher Pommier
61%
Épicéa Sapin
48%
Dattier Palmier
42%
Hêtre Chêne vert
39%
Cèdre Sapin
26%
Osier Saule
26%
Mimosa Acacia
23%
Glycine Acacia
23%
Châtaignier Chêne vert
23%
Peuplier Saule
23%
Tremble Saule
23%
Charme Bouleau
19%
Rosier Pommier
19%
Cyprès Séquoia
19%
Bois de rose Laurier
16%
Ronce Pommier
16%
Arachide/Cacahuète Acacia
13%
Noisetier Bouleau
13%
Thuya Séquoia
13%
Genévrier Séquoia
13%
Guimauve Baobab
10%
Aulne Bouleau
10%
Figuier Caoutchouc
10%
Marronnier Érable
10%
Guarana Érable
10%
Jasmin Olivier
10%
Hibiscus Baobab
6%
Arbre à pain Caoutchouc
6%
Avocatier Laurier
6%
Rotin Palmier
6%
Litchi Érable
3%
Frêne Olivier
3%
Tilleul Baobab
0%
Mûrier Caoutchouc
0%
Cannelier/Cannelle Laurier
0%
Lilas Olivier
0%
Aucun quiz correspondant
Distribution des résultats
% des personnes avec chaque résultat
Percentile par nombre de réponses
Votre historique - résultats
Vous n’avez pas pris ce quiz